<?xml version="1.0" encoding="UTF-8"?>
<record
    xmlns:xsi="http://www.w3.org/2001/XMLSchema-instance"
    xsi:schemaLocation="http://www.loc.gov/MARC21/slim http://www.loc.gov/standards/marcxml/schema/MARC21slim.xsd"
    xmlns="http://www.loc.gov/MARC21/slim">

  <leader>00522nam a2200157Ia 4500</leader>
  <datafield tag="952" ind1=" " ind2=" ">
    <subfield code="0">0</subfield>
    <subfield code="1">0</subfield>
    <subfield code="4">0</subfield>
    <subfield code="7">0</subfield>
    <subfield code="a">18</subfield>
    <subfield code="b">18</subfield>
    <subfield code="d">2013-07-05</subfield>
    <subfield code="l">0</subfield>
    <subfield code="o">KGF1639 D45</subfield>
    <subfield code="p">18 001277</subfield>
    <subfield code="r">2012-06-26</subfield>
    <subfield code="t">1</subfield>
    <subfield code="w">2012-06-26</subfield>
    <subfield code="y">LB</subfield>
  </datafield>
  <datafield tag="999" ind1=" " ind2=" ">
    <subfield code="c">74499</subfield>
    <subfield code="d">74499</subfield>
  </datafield>
  <controlfield tag="008">120626s2001    mx            000 0 spa d</controlfield>
  <datafield tag="020" ind1=" " ind2=" ">
    <subfield code="a">9706136525</subfield>
  </datafield>
  <datafield tag="050" ind1=" " ind2=" ">
    <subfield code="a">KGF1639</subfield>
    <subfield code="b">D45</subfield>
  </datafield>
  <datafield tag="100" ind1="1" ind2=" ">
    <subfield code="a">Delgado Reyes, Jaime</subfield>
    <subfield code="e">autor</subfield>
  </datafield>
  <datafield tag="245" ind1="1" ind2="0">
    <subfield code="a">Patente de invenci&#xF3;n, dise&#xF1;o y modelo industriales</subfield>
    <subfield code="c"> / Jaime Delgado Reyes</subfield>
  </datafield>
  <datafield tag="260" ind1="3" ind2=" ">
    <subfield code="a">M&#xE9;xico</subfield>
    <subfield code="b"> : Oxford</subfield>
    <subfield code="c">, 2001</subfield>
  </datafield>
  <datafield tag="300" ind1=" " ind2=" ">
    <subfield code="a">vii, 101 p&#xE1;ginas</subfield>
  </datafield>
  <datafield tag="519" ind1=" " ind2=" ">
    <subfield code="a">Material Complementario / </subfield>
    <subfield code="d">(18 001277)</subfield>
  </datafield>
  <datafield tag="650" ind1=" " ind2="0">
    <subfield code="a">PROPIEDAD INDUSTRIAL </subfield>
    <subfield code="x">LEYES Y LEGISLACI&#xD3;N</subfield>
    <subfield code="z">M&#xC9;XICO</subfield>
  </datafield>
  <datafield tag="942" ind1=" " ind2=" ">
    <subfield code="c">LB</subfield>
  </datafield>
</record>
